|
|
|
|
| LEADER |
01843nam a2200361 i 4500 |
| 001 |
43920 |
| 003 |
BD-DhAAL |
| 005 |
20250106165755.0 |
| 008 |
240106t2018 maua b 001 0 eng |
| 010 |
|
|
|a 2018022812
|
| 020 |
|
|
|a 9780262039406 (hardcover : alk. paper)
|
| 040 |
|
|
|a DLC
|b eng
|c DLC
|e rda
|d DLC
|d BD-DhAAL
|
| 042 |
|
|
|a pcc
|
| 050 |
0 |
0 |
|a Q325.5
|b .M64 2018
|
| 082 |
0 |
0 |
|a 006.31
|2 23
|
| 100 |
1 |
|
|a Mohri, Mehryar,
|e author.
|9 57411
|
| 245 |
1 |
0 |
|a Foundations of machine learning /
|c Mehryar Mohri, Afshin Rostamizadeh and Ameet Talwalkar.
|
| 250 |
|
|
|a Second edition.
|
| 264 |
|
1 |
|a Cambridge, Massachusetts :
|b The MIT Press,
|c 2018.
|
| 300 |
|
|
|a xv, 486 pages :
|b illustrations (some color) ;
|c 24 cm.
|
| 490 |
0 |
|
|a Adaptive computation and machine learning
|
| 504 |
|
|
|a Includes bibliographical references (pages 461-474) and index.
|
| 526 |
|
|
|x Sowmitra Das,
Lecturer
Department of CSE
course name and no: Machine Learning (CSE 427)
|
| 541 |
|
|
|a Book finder International
|e 43919
|
| 650 |
|
0 |
|a Machine learning.
|
| 650 |
|
0 |
|a Computer algorithms.
|
| 650 |
|
0 |
|a Computer science.
|
| 700 |
1 |
|
|a Rostamizadeh, Afshin,
|e author.
|9 57412
|
| 700 |
1 |
|
|a Talwalkar, Ameet,
|e author.
|9 57413
|
| 942 |
|
|
|2 ddc
|c BK
|
| 999 |
|
|
|c 47005
|d 47005
|
| 952 |
|
|
|0 0
|1 0
|2 ddc
|4 0
|6 006_310000000000000_MOH
|7 0
|9 77102
|a BRACUL
|b BRACUL
|c GEN
|d 2024-12-23
|e Book Finder International
|g 8113.00
|l 5
|m 39
|o 006.31 MOH
|p 3010043919
|r 2026-04-21
|s 2025-07-21
|t 1
|v 8113.00
|w 2024-12-23
|y BK
|x Requisitioned by Sowmitra Das, for the course named Machine Learning (CSE 427)
|
| 952 |
|
|
|0 0
|1 0
|2 ddc
|4 0
|6 006_310000000000000_MOH
|7 0
|9 77103
|a BRACUL
|b BRACUL
|c GEN
|d 2024-12-23
|e Book Finder International
|g 8113.00
|l 5
|m 49
|o 006.31 MOH
|p 3010043920
|q 2026-03-12
|r 2026-03-05
|s 2026-03-05
|t 2
|v 8113.00
|w 2024-12-23
|y BK
|x Requisitioned by Sowmitra Das, for the course named Machine Learning (CSE 427)
|